Central Library OPAC University of Rajshahi

An American exodus : (Record no. 43471)

MARC details
000 -LEADER
fixed length control field 01093nam a2200289 a 4500
001 - CONTROL NUMBER
control field 43471
003 - CONTROL NUMBER IDENTIFIER
rucl marc code BD-RjUL
005 - DATE AND TIME OF LATEST TRANSACTION
control field 20211209053713.0
008 - FIXED-LENGTH DATA ELEMENTS--GENERAL INFORMATION
fixed length control field 160622s1969 ctuac 000 0 eng
035 ## - SYSTEM CONTROL NUMBER
System control number (BD-RjUL)43589
040 ## - CATALOGING SOURCE
Original cataloging agency DLC
Transcribing agency DLC
Modifying agency BD-RjUL
Language of cataloging eng
041 ## - LANGUAGE CODE
Language code of text/sound track or separate title eng
082 00 - DEWEY DECIMAL CLASSIFICATION NUMBER
Classification number 973.917
Author mark and year LAA 1969
100 1# - MAIN ENTRY--PERSONAL NAME
Personal name Lange, Dorothea
9 (RLIN) 133518
245 13 - TITLE STATEMENT
Title An American exodus :
Remainder of title a record of human erosion in the Thirties /
Statement of responsibility, etc. by Dorothea Lange and Paul Schuster Taylor.
250 ## - EDITION STATEMENT
Edition statement [Rev. and extended ed.]
260 ## - PUBLICATION, DISTRIBUTION, ETC. (IMPRINT)
Place of publication, distribution, etc. New Haven :
Name of publisher, distributor, etc. Published for the Oakland Museum [by] Yale University Press,
Date of publication, distribution, etc. 1969
300 ## - PHYSICAL DESCRIPTION
Pagination 144 p. :
Illustrations illus., ports. ;
Size 24 x 29 cm.
350 ## - PRICE (NR) (BK AM CF MU VM SE) [OBSOLETE]
Price 10.00
650 #0 - SUBJECT ADDED ENTRY--TOPICAL TERM
Topical term or geographic name as entry element Agricultural laborers
Geographic subdivision United States
General subdivision Pictorial works.
9 (RLIN) 133519
Topical term or geographic name as entry element Migration, Internal
Geographic subdivision United States
General subdivision Pictorial works.
9 (RLIN) 133520
Topical term or geographic name as entry element Depressions
Chronological subdivision 1929
Geographic subdivision United States
General subdivision Pictorial works.
9 (RLIN) 133521
700 1# - ADDED ENTRY--PERSONAL NAME
Personal name Taylor, Paul S.
Fuller form of name (Paul Schuster),
Dates associated with a name 1895-1984,
Relator term joint author.
710 2# - ADDED ENTRY--CORPORATE NAME
Corporate name or jurisdiction name as entry element Oakland Museum.
9 (RLIN) 133523
942 ## - ADDED ENTRY ELEMENTS (KOHA)
Source of classification or shelving scheme Dewey Decimal Classification
Koha item type Books
Holdings
Lost status Source of classification or shelving scheme Damaged status Not for loan Collection code Permanent Location Current Location Shelving location Date acquired Source of acquisition Cost, normal purchase price Total Checkouts Full call number Date last seen Copy number Koha item type
  Dewey Decimal Classification     Non-fiction Central Library, University of Rajshahi Central Library, University of Rajshahi   10/09/1971 Zeithinger 36.00   973.917 LAA 1969 22/06/2016 C-2 Books
  Dewey Decimal Classification     Non-fiction Central Library, University of Rajshahi Central Library, University of Rajshahi   10/09/1971 Zeithinger 36.00   973.917 LAA 1969 22/06/2016 C-3 Books